Maktūbat-i Shaik̲h̲ al-Islām. (Record no. 65273)

MARC details
000 -LEADER
fixed length control field 00601cam a22002291 4500
001 - CONTROL NUMBER
control field sa 65007652
003 - CONTROL NUMBER IDENTIFIER
control field DLC
005 - DATE AND TIME OF LATEST TRANSACTION
control field 20260227112150.0
008 - FIXED-LENGTH DATA ELEMENTS--GENERAL INFORMATION
fixed length control field 890725m19521964ii 000 0 urdr
010 ## - LIBRARY OF CONGRESS CONTROL NUMBER
LC control number sa 65007652
035 ## - SYSTEM CONTROL NUMBER
System control number (OCoLC)20069582
040 ## - CATALOGING SOURCE
Original cataloging agency DLC
Transcribing agency WaU
Modifying agency DLC
042 ## - AUTHENTICATION CODE
Authentication code premarc
050 00 - LIBRARY OF CONGRESS CALL NUMBER
Classification number PK2199.M27
Item number Z53
100 1# - MAIN ENTRY--PERSONAL NAME
Personal name Madnī, Sayyid Ḥusain Aḥmad,
Dates associated with a name 1878-1957.
245 10 - TITLE STATEMENT
Title Maktūbat-i Shaik̲h̲ al-Islām.
260 ## - PUBLICATION, DISTRIBUTION, ETC.
Date of publication, distribution, etc. [1952-1964; v. 4, 1963]
300 ## - PHYSICAL DESCRIPTION
Extent 4 v.
Dimensions 24 cm.
500 ## - GENERAL NOTE
General note Cover title.
500 ## - GENERAL NOTE
General note In Urdu.
500 ## - GENERAL NOTE
General note Text partially vocalized.

No items available.

Powered by Koha